Kluby w Ligue 1 2024/2025 - Statystyki

Ogólne statystyki
  • Ten quiz został rozwiązany 222 razy
  • Średni wynik to 12 z 18
Statystyki odpowiedzi
Klub % Poprawnych
PSG
99%
Lyon
92%
Marsylia
91%
Monaco
88%
Lille
81%
Nice
72%
Lens
68%
Brest
65%
Rennes
63%
Strasbourg
62%
Nantes
61%
St. Etienne
60%
Montpellier
59%
Reims
58%
Toulouse
52%
Auxerre
46%
Angers
45%
Le Havre
43%
Nie znaleziono quizów pasujących do podanych kryteriów
Rozkład punktacji
Procent ludzi z każdym wynikiem
Percentyl według liczby udzielonych odpowiedzi
Twoja historia wyników
Nie rozwiązałeś tego quizu